000 00330nam a2200133 a 4500
005 20140414093845.0
008 090925s19uu xx 00 eng d
050 _aDVD 791.43
_bANG 2007
100 _aSegal, Peter
245 _aAnger management /
_cPeter Segal.
650 _aMotion pictures.
942 _cAVM
999 _c109523
_d109523